000 00321nam a2200133Ia 4500
005 20260326235443.0
008 260326s9999||||xx |||||||||||||| ||und||
100 _aCarr, Stephen
245 0 _aPublic Space /
_cStephen Carr
260 _bCambridge University Press
300 _a400 p.
650 _aURBANISMO
942 _cBK
999 _c7500
_d7500